| 000 | 00528cam a2200181ua 4500 | ||
|---|---|---|---|
| 020 |
_a81-85392-12-9 _c50.00 |
||
| 041 |
_aeng _h |
||
| 082 |
_a530 _bEIN/EV |
||
| 100 | _aEinstein, Albert. | ||
| 245 |
_aEvolution of physics: The growth of ideas from early concepts to relativity and quanta / _cAlbert Einstein. _hTextual Documents |
||
| 260 |
_aNew Delhi : _bUniversity book stall , _c1989. |
||
| 300 | _a302 ; . | ||
| 365 | _a50.00 | ||
| 504 | _a | ||
| 700 | 1 | _aInfeld, Leopold. | |
| 942 | _cBK | ||
| 999 |
_c7523 _d7523 |
||